| 000 | 00519nam a2200205Ia 4500 | ||
|---|---|---|---|
| 005 | 20250425161304.0 | ||
| 008 | 250425s9999 xx 000 0 und d | ||
| 020 | _a3923120958 | ||
| 041 | _aeng | ||
| 082 | _a501 | ||
| 100 | _aSTREIER, EVA MARIA | ||
| 245 | 0 | _aLA REALIDAD OCULTA: EJEMPLOS DE PROYECTOS PATROCINADOS POR LA DEUTSCHD FORSCHUNGSGEMEINSCHAFT | |
| 250 | _aS.E. | ||
| 260 | _aS.L. | ||
| 260 |
_aSin Pais _bVERLAG _c1987 |
||
| 300 | _a104 | ||
| 650 | _aFILOSOFIA | ||
| 942 | _c01 | ||
| 010 | _a16937 | ||
| 999 |
_c206187 _d206187 |
||